000 00549 a2200133 4500
082 _aMIT-3
100 _aJaved Iqbal
_99440
245 _aSystem Architecture for Strong Mobility for FIPA Compliant Multi Agent System SAGE [Project
_cJaved Iqbal
260 _aIslamabad,
_bNUST School of Electrical Engineering & Computer Science,
_c2006.
300 _ax, 58 p. :
_bill. ;
_c27 cm. +
_eCD-ROM
500 _aSupervisors : Dr. Hafiz Farooq Ahmad, Dr. Arshad Ali.
856 _uhttp://10.250.8.41:8080/xmlui/handle/123456789/6403
942 _cPR
_kMIT-3 JAV
_2ddc
999 _c9365
_d9365